30 Movies from 2017 Quiz Stats

 Plays Quiz Updated Apr 17, 2018

Score 0/30 Timer 10:00
1 Play Today
% Correct
Guardians of the Galaxy Vol. 2
85.6%
Jumanji: Welcome to the Jungle
83.4%
Dunkirk
78.3%
Coco
76.9%
Star Wars: The Last Jedi
75.3%
John Wick: Chapter 2
71.1%
Three Billboards Outside Ebbing, Missouri
68.8%
Baby Driver
61.6%
Get Out
61.5%
Blade Runner 2049
58.6%
Logan
58.3%
Atomic Blonde
54.3%
The Hitman's Bodyguard
53%
Kong: Skull Island
50.2%
The Disaster Artist
49.4%
% Correct
The Dark Tower
47.1%
The Big Sick
43%
Valerian and the City of a Thousand Planets
39%
Murder on the Orient Express
36.2%
Mother!
31%
Logan Lucky
30.3%
The LEGO Batman Movie
30%
All Eyez On Me
28.3%
Alien: Covenant
27.2%
Wind River
20.3%
Ingrid Goes West
13.9%
The Meyerowitz Stories (New and Selected)
8.3%
Good Time
7.1%
I Don't Feel At Home In This World Anymore
5.6%
Shot Caller
3.8%

You're not logged in!

Compare scores with friends on all Sporcle quizzes.
OR
Log In

Sporcle TV

Today on Sporcle TV


Watch our educational content, quiz creation guides, and fun videos on Sporcle TV.

Show Comments

Extras

Top Quizzes Today


Score Distribution

Your Account Isn't Verified!

In order to create a playlist on Sporcle, you need to verify the email address you used during registration. Go to your Sporcle Settings to finish the process.

Report this User

Report this user for behavior that violates our Community Guidelines.

Details: